Jeu du pays frontalier le plus haut dans l'ordre alphabétique - Statistiques

Statistiques générales
  • Ce quiz a été pris 1 027 fois
  • Le résultat moyen est 70 sur 152
Réponses sur la Carte
Les réponses sont colorées sur une échelle allant du rouge au vert en fonction du pourcentage des utilisateurs qui les ont devinées à leur premier essai. Vous pouvez retrouver ces pourcentages ci-dessous.
 
Statistiques - réponses
Pays % Correct
Afghanistan
100%
Chine
73%
Bhoutan
66%
Inde
65%
Bangladesh
64%
Birmanie
63%
Cambodge
62%
Laos
62%
Malaisie
62%
Thaïlande
62%
Brunei
60%
Indonésie
60%
Papouasie-Nouvelle-Guinée
60%
Biélorussie
59%
Iran
59%
Népal
59%
Pakistan
59%
Russie
59%
Timor oriental
59%
Viêt Nam
59%
Allemagne
58%
Arménie
58%
Autriche
58%
Azerbaïdjan
58%
Estonie
58%
Géorgie
58%
Lettonie
58%
Lituanie
58%
Pologne
58%
Albanie
57%
Bosnie-Herzégovine
57%
Croatie
57%
Grèce
57%
Hongrie
57%
Monténégro
57%
Bulgarie
56%
Kosovo
56%
Macédoine du Nord
56%
Moldavie
56%
République tchèque
56%
Roumanie
56%
Serbie
56%
Slovaquie
56%
Ukraine
56%
Arabie Saoudite
55%
Irak
55%
Turquie
55%
Égypte
54%
Émirats arabes unis
54%
Jordanie
54%
Libye
54%
Mali
54%
Oman
54%
Yémen
54%
Algérie
53%
Israël
53%
Bénin
52%
Burkina Faso
52%
Cameroun
52%
Niger
52%
Nigeria
52%
Gabon
50%
Guinée équatoriale
50%
Rép. du Congo
50%
Afrique du Sud
48%
Angola
48%
Namibie
48%
Botswana
47%
Eswatini
47%
Malawi
47%
Mozambique
47%
Rép. dém. du Congo
47%
Zambie
47%
Burundi
46%
Djibouti
46%
Érythrée
46%
Éthiopie
46%
Ouganda
46%
Tanzanie
46%
Kenya
45%
Rép. Centrafricaine
45%
Somalie
45%
Soudan
45%
Soudan du Sud
45%
Tchad
45%
Lesotho
44%
Rwanda
44%
Togo
44%
Zimbabwe
44%
Côte d'Ivoire
43%
Gambie
43%
Ghana
43%
Guinée
43%
Guinée-Bissau
43%
Maroc
43%
Mauritanie
43%
Sénégal
43%
Andorre
42%
Belgique
42%
Espagne
42%
France
42%
Luxembourg
42%
Pays-Bas
42%
Argentine
39%
Bolivie
39%
Brésil
39%
Chili
39%
Pérou
39%
Colombie
38%
Costa Rica
38%
Équateur
38%
Panama
38%
Nicaragua
37%
Belize
36%
Canada
36%
Etats-Unis
36%
Guatemala
36%
Honduras
36%
Mexique
36%
Salvador
36%
Guyana
35%
Paraguay
35%
Suriname
35%
Venezuela
35%
Italie
34%
Saint-Marin
34%
Uruguay
34%
Slovénie
33%
Suisse
33%
Liechtenstein
32%
Monaco
32%
Vatican
32%
Liberia
31%
Portugal
31%
Sierra Leone
31%
Liban
30%
Syrie
30%
Tunisie
30%
Koweït
29%
Qatar
29%
Danemark
27%
Corée du Nord
26%
Corée du Sud
26%
Finlande
25%
Kazakhstan
25%
Norvège
25%
Suède
25%
Kirghizistan
24%
Ouzbékistan
23%
Tadjikistan
23%
Mongolie
22%
Turkménistan
22%
Aucun quiz correspondant
Distribution des résultats
% des personnes avec chaque résultat
Percentile par nombre de réponses
Votre historique - résultats
Vous n’avez pas pris ce quiz